Κατάλογος Βιβλιοθηκών Mediterranean College

Mass Communication / A Sociological Perspective (Record no. 490)

MARC details
000 -LEADER
fixed length control field 01326cam a22002054a 4500
005 - ΗΜΕΡΟΜΗΝΙΑ ΚΑΙ ΩΡΑ ΤΕΛΕΥΤΑΙΑΣ ΕΝΗΜΕΡΩΣΗΣ
Πεδίο ελέγχου 20250605163936.0
008 - FIXED-LENGTH DATA ELEMENTS--GENERAL INFORMATION
Πεδίο ελέγχου σταθερού μήκους 250528s ||||||||||||||||||||||||d
035 ## - SYSTEM CONTROL NUMBER
System control number 14879
020 ## - ISBN
ISBN 39433244
040 ## - ΠΗΓΗ ΚΑΤΑΛΟΓΟΓΡΑΦΗΣΗΣ
Φορέας πρωτότυπης καταλογογράφησης MC Athens Campus Library
Γλώσσα καταλογογράφησης Ελληνικά, Μοντέρνα (1453-)
Modifying agency MC Athens Campus Library
Κανόνες περιγραφικής καταλογογράφησης AACR2
245 1# - ΤΙΤΛΟΣ ΚΑΙ ΔΗΛΩΣΗ ΥΠΕΥΘΥΝΟΤΗΤΑΣ
Τίτλος Mass Communication / A Sociological Perspective
250 ## - EDITION STATEMENT
Edition statement 3rd
260 ## - PUBLICATION, DISTRIBUTION, ETC.
Name of publisher, distributor, etc. Random House,
Date of publication, distribution, etc. 1985
300 ## - PHYSICAL DESCRIPTION
Extent 226
520 ## - SUMMARY, ETC.
Summary, etc. Preface, The Nature and Functions of Mass Communication, Introduction, Four Major Communication Activities, What is Mass Communication?, Towarding a Working Concept of Mass Communication, Some Functions of Mass Communication: An Overview, Some Theoretical Orientations, Mass Communications as Social Institutions, Alternative Systems of Mass Communication, Sociology of Mass Communicator, Occupations in Communications, The Communicator in Organizational Context, Communication as Work, The Social Production of News: Occupational Role Analysis, Sociology of the Audience: Interpersonal Communication and the Mass Audience, Sociology of the Audience: Selected Characteristics of Audiences and Communication Behavior, Social Consequences of Mass Communication: Studies of News and Mass Persuasion, Public Concern Over Mass Entertainment.
700 1# - ΠΡΟΣΘΕΤΗ ΑΝΑΓΡΑΦΗ--ΦΥΣΙΚΟ ΠΡΟΣΩΠΟ
Personal name Wright Charles R
9 (RLIN) 663
942 ## - ADDED ENTRY ELEMENTS (KOHA)
Koha item type Books
Holdings
Τύπος τεκμηρίου Βιβλιοθήκη Τρέχουσα τοποθεσία Barcode Αριθμός εισαγωγής Ημερομηνία απόκτησης Ταξιθετικό σύμβολο Αριθμός αντιτύπου Κατάσταση απόσυρσης Κατάσταση χαμένου Κατάσταση κατεστραμμένου Μη δανεισμός Σύνολο δανεισμών Ημερομηνία τελευταίας εμφάνισης Η τιμή ισχύει από
Books MC Athens Campus Library MC Athens Campus Library 9780000004895 5822 05/06/2025 302.2/34 WRI 1           05/06/2025 05/06/2025

MC Athens Campus Library
Πατησίων 94 & Κοδριγκτώνος 13, 104 34
Πελλήνης 8 & Πατησίων 107, 112 51
Τ: +30 210 8899600

MC Thessaloniki Campus Library
Ίωνος Δραγούμη 21, 54625 | Ίωνος Δραγούμη 15, 54625
Τ: +30 2310 287779 – Τ: +30 2314 440300